00516nam a2200181 a 450000100060000000300090000600800410001502000180005604000280007408200180010210000350012024500370015526000320019230000110022450500480023565000250028365000260030824226CO-ViMGA141112s2004 ck r 000 u spa d a9789580511128 aCO-ViMGAbspacCO-ViMGA04a398.25 G8911c1 aGuzmán Martínez, Clemencia10aDe los Carnavales y otras Rumbas aColombia : bEducar, c2007 a248 p. aCarnaval - Colombia \ Festivales - Colombia14aCarnaval - Colombia 14aFestivales - Colombia